| 000 | 00503nam a2200193Ia 4500 | ||
|---|---|---|---|
| 008 | 170918s9999 xx 000 0 und d | ||
| 020 | _a451518144 | ||
| 050 | _bA355li 1983 | ||
| 100 | _aAlcott, Louisa M. | ||
| 245 | _aLittle women / | ||
| 245 | _cby Louisa M. Alcott ; introduction by Ann Douglas. | ||
| 260 | _aNew York : | ||
| 260 | _bNew American Library, | ||
| 260 | _c1983 | ||
| 300 | _axxvii, 451 pages : | ||
| 300 | _billustrations ; | ||
| 300 | _c17cm. | ||
| 300 | _eSignet classic. | ||
| 999 |
_c343480 _d343480 |
||